00414 a2200169 4500001000700000020002200007020001500029020001500044041000800059100001900067250001000086300001200096856002500108040002500133245005300158260003300211115384 a0142402001 (pbk.) a0329394959 a1415567883 apor aTaback, Simms. a. ed. a[27] p. u000029/000029cb.jpeg aBR-BrIDEAcBR-BrIDEA10aThis is the house that Jack builtc Simms Taback aNew YorkbPuffin Booksc2004